| 000 | 00459nam a2200181Ia 4500 | ||
|---|---|---|---|
| 003 | LK-CoDNM | ||
| 005 | 20241209130650.0 | ||
| 008 | 010623t1959 xxu||||| |||| 00| 1 eng d | ||
| 040 |
_aLK-CoDNM _dLK-CoDNM _eLK-CoDNM |
||
| 041 | _aeng | ||
| 080 |
_a294.51 _bNAL |
||
| 100 | _aNallainathan,T. | ||
| 245 | _aDakshinamurthi His Life And Teachings | ||
| 260 |
_bSiva Prakasha Press _aJaffna _c1959 |
||
| 300 | _b36p. ; 21 cm | ||
| 650 | _a1959 | ||
| 942 | _cBK | ||
| 999 |
_c104891 _d104891 |
||